00328 2200145 4500245004600000250001100046100001800057650001700075650001600092005001900108260001800127041001400145084001400159336000900173 aLicht Nach Dem RegencFarhani LatifhText aCet. 1 aFarhani Latif aAutobiografi aKarya Siswa a20250522112446 aJakartac2025 aIndonesia a081 FAR l atext